000 02322cam a22003854i 4500
003 PE-LiUPU
005 20250731183423.0
008 150706s r 000 0 d
020 _a9871135971
035 _a(Sirsi) i9789871135974
040 _aPE-LiUPU
_bspa
_cPE-LiUPU
_erda
049 _aPRUA
082 0 4 _a720
_bCh91
_221
100 1 _aChuk, Bruno,
_eautor.
245 1 0 _aSemiótica narrativa del espacio arquitectónico :
_b"de la teoría a la práctica creativa del diseño con herramientas de la semiótica" /
_cBruno Chuk.
264 1 _aBuenos Aires :
_bNobuko,
_c2005.
300 _a352 páginas :
_bilustraciones ;
_c21 centímetros
336 _atext
_2rdacontent
337 _aunmediated
_2rdamedia
338 _avolume
_2rdacarrier
505 0 _aPlanteo iníciales -- La condición semio-narrativa del espacio existencial -- Introducción: Sobre el valor de la tesis -- Teoría del sujeto y teoría semiótica en arquitectura -- La estructura doble del espacio existencial -- En torno a la factualidad el discurso arquitectónico -- Hipotesis básica del signo arquitectónico en tanto discurso del habitar -- Texto y contexto: Hipótesis de doble hermenéutica -- Texto y práctica del habitar: Hipótesis de la materialidad espaciotemporal de la práctica discursiva como matriz fenoménica de la competencia simiótica -- El espacio y sus dos tiempos: Hipótesis de doble mimesis del tiempo -- Texto y percepto visual: Hipótesis de "ambigüedad en la emergencia del discurso-representamen -- El cuerpo y la visión del habitante: Hipótesis de convergencia.
526 _aP158
526 _aP146
526 _aP17
526 _aP12
526 _aP06
541 _g003-001048;
650 0 4 _aArquitectura
_xSemiótica.
910 _agl20090805
942 _2ddc
_cBOOK
949 _a720 CH91
_wDEWEY
_c1
_i59862
_d2016-8-12
_e2016-8-10
_lCCODEBUL1
_mBUL
_n1
_p36.00
_r0
_sY
_tBOOK
_u2015-7-6
_xINGENIERIA
_PP06
_0COMPRA
_o.STAFF. Colección General
994 _aC0
_bPEPRU
596 _a1
999 _a720 CH91
_wDEWEY
_c49393
_i59862
_d49393
_e2019-4-4
_f2021-11-9
_g7
_lCCODEBUL1
_mBUL
_n5
_p36.00
_r0
_sY
_tBOOK
_u2015-7-6
_xINGENIERIA
_PP06
_0COMPRA
_o.STAFF. Colección General
980 _81
_gALBERTO SANCHEZ Responsable de Automatización